000 003830000a22001330004500
090 _aAV 0427
245 1 0 _aDeclaración Universal de los derechos humanos
260 _aBogotá : Oficina en Colombia del Alto Comisionado de las Naciones Unidas para los Derechos Humanos
300 _a20 p.
505 0 0 _aDerechos humanos
650 1 4 _aDERECHOS HUMANOS
001 17873
942 _cBK
999 _c44368
_d44368